| 000 | 00545nam a2200193 a 4500 | ||
|---|---|---|---|
| 001 | 3997 | ||
| 005 | 20140414131920.0 | ||
| 008 | 040601s19uu xx 00 eng d | ||
| 020 | _a0-553-15718-3 | ||
| 050 |
_aER _bSk3 1989 |
||
| 245 |
_aSkip to my lou / _cillustrated by Loretta Lustig. |
||
| 260 |
_aNew York : _bBantam Books, _c1989. |
||
| 300 | _a1 v. (unp.) : ill. ; cm. | ||
| 440 | _aBantam Sing-A-Story | ||
| 520 | _aBased on a traditional children's folk song | ||
| 650 | _aChildren's song. | ||
| 650 | _aRhyme. | ||
| 999 |
_c111708 _d111708 |
||